| 000 | 00530nam a2200229Ia 4500 | ||
|---|---|---|---|
| 003 | OSt | ||
| 005 | 20230505113237.0 | ||
| 008 | 210423s2008 xx 000 0 und d | ||
| 020 | _a9788177585414 | ||
| 040 | _cAL | ||
| 041 | _aeng | ||
| 082 |
_a547 _223 _bFINI |
||
| 100 |
_aFINAR (I L). _998660 |
||
| 245 | _aOrganic chemistry. | ||
| 250 | _a5 | ||
| 260 |
_aNew Delhi _bPearson Education Pvt Ltd _c2008 |
||
| 300 |
_a956 _bPB |
||
| 365 |
_b625 _cINR |
||
| 440 | _v2 | ||
| 906 | _achemistry ; Organic | ||
| 942 |
_2ddc _cBK |
||
| 999 |
_c163655 _d163655 |
||